Ingeniería termodinámica

Bibliographic Details
Main Author: Burghardt, David
Format: Section = Libro
Language:Undetermined
Spanish
Published: México Harla 1984
Edition:2a.ed.
Subjects:
LEADER 00523nam a2200205Ia 4500
008 240829s9999 xx 000 0 und d
020 |a 968-6034-37-4 
040 |a BIBLIOTECA-RUPAP 621.4021 B954 
041 |a spa 
082 |a 621.4021 B954 
100 1 |a Burghardt, David 
245 1 0 |a Ingeniería termodinámica 
250 |a 2a.ed. 
260 |a México  |b Harla  |c 1984 
300 |a 558 p. :il. 
650 7 |a TERMODINAMICA 
650 7 |b  TERMODINAMICA-INGENIERIA. I. Tít. 
942 |c BK  |2 ddc 
991 |a TEXTO 
999 |c 9173